LEADER 00953nam0M2200337--I450 001 990003412530203316 005 20200702095041.0 010 $a0195067746 035 $a000341253 035 $aUSA01000341253 035 $a(ALEPH)000341253USA01 035 $a000341253 100 $a20100614d1989----||itac50 ba 101 $aeng 102 $aUS 105 $a||||||||001yy 200 1 $aBefore European hegemony$ethe world system A.D. 1250-1350$fJanet L. Abu-Lughod 210 $aNew York Oxford$cOxford university press$d1989 215 $aXIII, 443 p.$d21 cm 410 0$1001$12001 606 0 $aMedioevo$xDnari$2BNCF 676 $a330.902 700 1$aABU-LUGHOD,$bJanet L.$0148827 801 0$aIT$bICCU$gISBD$c20050509 912 $a990003412530203316 951 $a330.902 ABU$b16529 DSSP 959 $aBK 969 $aDSSP 979 $aDSSP2$b10$c20100614$lUSA01$h1226 996 $aBefore European hegemony$91750849 997 $aUNISA